Utilization of coconut pith and coir waste as a filler in natural rubber vulcanizates (Record no. 72027)

MARC details
000 -LEADER
fixed length control field 00460nam a2200157Ia 4500
100 ## - MAIN ENTRY--AUTHOR NAME
Personal name Chandran K R
245 #0 - TITLE STATEMENT
Title Utilization of coconut pith and coir waste as a filler in natural rubber vulcanizates
260 ## - PUBLICATION, DISTRIBUTION, ETC. (IMPRINT)
Name of publisher Kautschuk Gummi Kunststoffe
Year of publication 1995
300 ## - PHYSICAL DESCRIPTION
Number of Pages 29-33
650 ## - SUBJECT ADDED ENTRY--TOPICAL TERM
Topical Term Coconut pith
650 ## - SUBJECT ADDED ENTRY--TOPICAL TERM
Topical Term Coir waste
650 ## - SUBJECT ADDED ENTRY--TOPICAL TERM
Topical Term Natural rubber vulcanizates
700 ## - ADDED ENTRY--PERSONAL NAME
Personal name Kuriakose A P
942 ## - ADDED ENTRY ELEMENTS (KOHA)
Koha item type Journals
Holdings
Withdrawn status Lost status Damaged status Not for loan Home library Current library Shelving location Date acquired Serial Enumeration / chronology Koha item type
      Journals RRII Library RRII Library Rubber chemistry 17/12/2021 Volume 48, Issue 1 Journals